000 00629nam a2200229Ia 4500
003 OSt
005 20220928110459.0
006 a|||||r|||| 00| 0
007 ta
008 220927b |||||||| |||| 00| 0 eng d
024 _a30216
037 _cTextual
040 _aSDCL
_cSDCL
_beng
041 _2eng
_aeng
082 _aV2:51'M57, M3
100 _aSawarkar Vinayak Damodar
_9419671
245 0 _aIndian war of independence,1857
260 _aNew Delhi
_bRajdhani Granthaghar
_c1983
300 _a486p
_ccm.
942 _hV2:51'M57, M3
_cTEXL
_2CC
999 _c735812
_d735812